UM Logo

@tech / (Record no. 17664)

MARC details
000 -LEADER
fixed length control field 00330nam a22001217a 4500
008 - FIXED-LENGTH DATA ELEMENTS--GENERAL INFORMATION
fixed length control field 221129b ||||| |||| 00| 0 eng d
100 ## - MAIN ENTRY--PERSONAL NAME
Personal name Amorado, Ronnie V.
Relator term author.
9 (RLIN) 3620
245 ## - TITLE STATEMENT
Title @tech /
Statement of responsibility, etc. Ronnie V. Amorado.
260 ## - PUBLICATION, DISTRIBUTION, ETC. (IMPRINT)
Date of publication, distribution, etc. November 25, 2022.
300 ## - PHYSICAL DESCRIPTION
Extent 1 page :
Other physical details illustration.
650 ## - SUBJECT ADDED ENTRY--TOPICAL TERM
Source of heading or term Investment.
942 ## - ADDED ENTRY ELEMENTS (KOHA)
Source of classification or shelving scheme Dewey Decimal Classification
Koha item type Periodicals
Holdings
Withdrawn status Lost status Source of classification or shelving scheme Damaged status Not for loan Collection code Home library Current library Date acquired Total Checkouts Date last seen Price effective from Koha item type Public note
    Dewey Decimal Classification     Periodicals UM Digos College - LIC UM Digos College - LIC 11/29/2022   11/29/2022 11/29/2022 Periodicals Periodical articles